Use of private rights of way (Record no. 74302)
[ view plain ]
| 000 -LEADER | |
|---|---|
| fixed length control field | 01277cab a2200241 4500 |
| 001 - CONTROL NUMBER | |
| control field | ABS67574 |
| 008 - FIXED-LENGTH DATA ELEMENTS--GENERAL INFORMATION | |
| fixed length control field | 040325n2004 000 0 eng u |
| 035 ## - SYSTEM CONTROL NUMBER | |
| System control number | (Sirsi) u125589 |
| 100 ## - MAIN ENTRY--PERSONAL NAME | |
| Personal name | Sydenham, A. |
| 245 ## - TITLE STATEMENT | |
| Title | Use of private rights of way |
| 260 ## - PUBLICATION, DISTRIBUTION, ETC. | |
| Date of publication, distribution, etc. | 2004 |
| 490 ## - SERIES STATEMENT | |
| Series statement | Farm Tax Brief |
| Volume/sequential designation | 19(1) February 2004, 7-8(2) |
| 520 ## - SUMMARY, ETC. | |
| Summary, etc. | Considers the use of private rights of way using case law and the issue of whether a right of way could be used to access a non-dominant tenement where the use of that land was ancillary to the use of the dominant tenement. Cases used to illustrate the inconsistent approach to this issue include "Peacock v Custins" (CA, Abs63791), "Das and others v Linden Mews Ltd" ([2002] EWCA Civ 590, Abs65673), "Massey and another v Boulden and another ([2002] EWCA Civ 1634, Abs66173) and "Macepark (Whittlebury) Ltd v Sargeant and another" [2003] EWHC 427(ch), Abs67212. |
| 590 ## - LOCAL NOTE (RLIN) | |
| Local note | ABS |
| 650 ## - SUBJECT ADDED ENTRY--TOPICAL TERM | |
| Topical term or geographic name entry element | RIGHTS OF WAY |
| 650 ## - SUBJECT ADDED ENTRY--TOPICAL TERM | |
| Topical term or geographic name entry element | DOMINANT TENEMENTS |
| 650 ## - SUBJECT ADDED ENTRY--TOPICAL TERM | |
| Topical term or geographic name entry element | PEACOCK V CUSTINS |
| 650 ## - SUBJECT ADDED ENTRY--TOPICAL TERM | |
| Topical term or geographic name entry element | MASSEY AND ANOTHER V BOULDEN AND ANOTHER |
| 650 ## - SUBJECT ADDED ENTRY--TOPICAL TERM | |
| Topical term or geographic name entry element | DAS AND OTHERS V LINDEN MEWS |
| 650 ## - SUBJECT ADDED ENTRY--TOPICAL TERM | |
| Topical term or geographic name entry element | MACEPARK (WHITTLEBURY) LTD V SARGEANT AND ANOTHER |
| 690 ## - LOCAL SUBJECT ADDED ENTRY--TOPICAL TERM (OCLC, RLIN) | |
| Topical term or geographic name as entry element | BOUNDARIES, PARTY WALLS AND EASEMENTS-RIGHTS OF WAY-CASE LAW |
| 942 ## - ADDED ENTRY ELEMENTS (KOHA) | |
| Suppress in OPAC | 0 |
| Withdrawn status | Lost status | Source of classification or shelving scheme | Damaged status | Not for loan | Home library | Current library | Shelving location | Date acquired | Total Checkouts | Full call number | Barcode | Date last seen | Copy number | Price effective from | Koha item type |
|---|---|---|---|---|---|---|---|---|---|---|---|---|---|---|---|
| Dewey Decimal Classification | London | London | Journal article | 25/03/2004 | ABS67574 | 125589-1001 | 06/08/2019 | 1 | 06/08/2019 | Journal article |